000 00895nam a2200289 i 4500
001 000004075
003 DO-SdBNP
005 20240412074202.0
007 ta
008 090716s2003 dr 000 f spa d
020 _a999349190X
040 _aDO-SdBNP
_bspa
_cBNPHU
_erda
082 4 _aRD863.44
_bP192c
_222
100 1 _aPaniagua, Edwin
_912152
_eautor
245 1 3 _aLa consulta /
_cEdwin Paniagua ; prólogo Fidencio Fernández.
264 _aSanto Domingo :
_bLetra Gráfica,
_c2003.
300 _a104 páginas ;
_c22 cm.
336 _2rdacontent
_atexto
_btxt
337 _2rdamedia
_asin mediación
_bn
338 _2rdacarrier
_avolumen
_bnc
590 _aInventariado, 2020/MAA
650 0 _aCuentos dominicanos
_9176
650 0 _aLiteratura dominicana.
_967
700 1 2 _aFernández, Fidencio,
_eprólogo
_912153
910 _aValidado. Control de calidad MFF
942 _2ddc
_cLBS1
999 _c3893
_d3893